Memoria expositiva de los servicios que el cuerpo facultativo de beneficencia municipal de Madrid ha prestado durante el bienio de 1865 y 1866 / (Record no. 48642)
[ view plain ]
| 000 -LEADER | |
|---|---|
| campo de control de longitud fija | 00829nam a22001935i 4500 |
| 001 - NÚMERO DE CONTROL | |
| campo de control | 48642 |
| 003 - IDENTIFICADOR DE NÚMERO DE CONTROL | |
| campo de control | ES-MaACL |
| 005 - FECHA Y HORA DE LA ÚLTIMA TRANSACCIÓN | |
| campo de control | 20230906161805.0 |
| 007 - CAMPO FIJO DE DESCRIPCIÓN FÍSICA--INFORMACIÓN GENERAL | |
| campo de control de longitud fija | t| |
| 008 - DATOS DE LONGITUD FIJA--INFORMACIÓN GENERAL | |
| campo de control de longitud fija | 950726s1868 sp |||| | spa d |
| 100 1# - ENTRADA PRINCIPAL--NOMBRE DE PERSONA | |
| Nombre de persona | Díaz Benito y Angulo, José. |
| 9 (RLIN) | 44183 |
| 245 10 - MENCIÓN DEL TÍTULO | |
| Título | Memoria expositiva de los servicios que el cuerpo facultativo de beneficencia municipal de Madrid ha prestado durante el bienio de 1865 y 1866 / |
| Mención de responsabilidad, etc. | presentada a la Excma Junta Municipal de Beneficencia por el vocal de la misma José Diaz Benito. |
| 260 ## - PUBLICACIÓN, DISTRIBUCIÓN, ETC. | |
| Lugar de publicación, distribución, etc. | Madrid : |
| Nombre del editor, distribuidor, etc. | [s.n.], |
| Fecha de publicación, distribución, etc. | 1868 ( |
| Fabricante | Oficina tipográfica de los Asilos de San Bernardino) |
| 300 ## - DESCRIPCIÓN FÍSICA | |
| Extensión | 20 p., [21] h. pleg. ; |
| Dimensiones | 25 cm. |
| 650 #4 - PUNTO DE ACCESO ADICIONAL DE MATERIA--TÉRMINO DE MATERIA | |
| Término de materia o nombre geográfico como elemento de entrada | Beneficencia- |
| Subdivisión geográfica | Madrid. |
| 9 (RLIN) | 150492 |
| 710 2# - ENTRADA AGREGADA--NOMBRE DE ENTIDAD CORPORATIVA | |
| Nombre de entidad corporativa o nombre de jurisdicción como elemento de entrada | Madrid. |
| Unidad subordinada | Junta Municipal de Beneficencia. |
| 9 (RLIN) | 201398 |
| 852 ## - LOCALIZACIÓN | |
| Ubicación | ES-MaACL |
| Número de control de estantería | T-382-F-18 |
| Estatus retirado | Estado de pérdida | Estado de daño | No para préstamo | Colección | Biblioteca de origen | Biblioteca actual | Ubicación en estantería | Fecha de adquisición | Fuente de adquisición | Total de préstamos | Signatura topográfica completa | Código de barras | Visto por última vez | Precio de reemplazo | Tipo de ítem Koha |
|---|---|---|---|---|---|---|---|---|---|---|---|---|---|---|---|
| Colección de folletos | Biblioteca del Ateneo de Madrid | Biblioteca del Ateneo de Madrid | Depósito folletos | 17/01/2008 | T-382-F-18 | 1051188 | 23/02/2023 | 23/02/2023 | Folleto |
